000 00841nmm a2200265 a 4500
001 ocm000924503
003 TR-IsHL
005 20201028145305.0
008 150110s1993 tu tur
007 cr cn
020 _a9789757354147
035 _a924503
_b(N$T)
050 0 4 _aPL248.E74
_bY37 1993
090 0 4 _aPL248.E74
_bY37 1993
100 1 _aErgüven, Albdullah Rıza
245 1 0 _aYasak tümceler
_h[electronic resource] /
_cAlbdullah Rıza Ergüven
260 _aİstanbul :
_bBerfin Yayınları,
_c1993
300 _a241 p.
650 4 _aDil ve Edebiyat
650 4 _aLanguage and Literature
650 0 _aTürk romanı
650 0 _aTurkish fiction
650 7 _aLITERARY COLLECTIONS / Middle Eastern
_2bisacsh
856 4 0 _uhttp://search.ebscohost.com/login.aspx?direct=true&scope=site&db=e011xww&AN=924503
999 _c9874
_d9874